000 00859nas a2200265 4500
001 BR0904683
003 BR-BrBNA
005 20231205113529.0
007 ta
008 230509b bl.|||p| |||| 00| 00por d
040 _aBR-BrBNA
_bpor
_cBiblioteca Nacional de Agricultura
041 _a(Pt)
072 _aM12; L02; L40
100 1 _aArauco, L.R.R.
100 1 _aStéfani, M.V.De
100 1 _aNakaghi, L.S.O.
100 1 _aOliveira-Bahia, V.R.L. de
245 1 _aHistologia do rim, fígado e intestino de girinos de rã-touro (Rana catesbeiana)alimentados com dietas contendo própolis
650 _aHISTOLOGIA ANIMAL
650 _aRANICULTURA
650 _aPRÓPOLIS
773 0 _tCiência Rural (Brazil)
_xISSN 0103-8478
_g(Sep-Oct 2007), v. 37(5) p. 1436-1441
_wBR0904683
909 _a202311
_bLúcia
_c55
_dLúcia Elande
942 _2AGRIS
_n0
_cANA
999 _c204270
_d204270